000
00329nam a2200133Ia 4500
005
20251222144634.0
008
251222s9999||||xx |||||||||||||| ||spa||
020
_a
978-9972-38-783-8
082
_a
869.57/E86
100
_a
Espinar La Torre, Óscar E.
245
0
_a
La Virreina Gobernadora
264
_b
San Marcos
942
_c
LIB
999
_c
16422
_d
16422